[Event "FSGM August 2013"]
[Site "Budapest HUN"]
[Date "2013.08.09"]
[Round "6.5"]
[White "Skytte,R"]
[Black "Konnyu,J"]
[Result "1/2-1/2"]
[WhiteElo "2431"]
[BlackElo "2323"]

1.d4 Nf6 2.c4 g6 3.Nc3 Bg7 4.e4 d6 5.Nf3 O-O 6.Be2 e5 7.O-O Nc6 8.Be3 exd4
9.Nxd4 Re8 10.f3 Nh5 11.f4 Nf6 12.Bf3 Bd7 13.h3 Nxd4 14.Bxd4 Bc6 15.Qd3 Nd7
16.Bxg7 Kxg7 17.b4 Nb6 18.a4 a5 19.b5 Bd7 20.Qd4+ Qf6 21.Qxf6+ Kxf6 22.e5+ Kg7
23.Bxb7 Rab8 24.Bd5 Be6 25.Rfd1 dxe5 26.Bxe6 Rxe6 27.c5 Nc4 28.Rd7 c6 29.Re1 e4
30.Rd4 Na3 31.Rdxe4 Rxe4 32.Nxe4 cxb5 33.Nd6 bxa4 34.c6 Nb5 35.Rb1 a3 36.Nxb5 a2
37.Ra1 Rxb5  1/2-1/2

[Event "21st Poznan Open"]
[Site "Poznan POL"]
[Date "2013.08.09"]
[Round "3.5"]
[White "Schmidt,Wl"]
[Black "Bajerlein,D"]
[Result "1/2-1/2"]
[WhiteElo "2375"]
[BlackElo "2100"]

1.d4 Nf6 2.c4 d6 3.Nf3 g6 4.Nc3 Bg7 5.e4 O-O 6.Be2 e5 7.O-O Nc6 8.d5 Ne7
9.Ne1 Nd7 10.Nd3 f5 11.Bd2 Nf6 12.f3 f4 13.c5 g5 14.Rc1 Ng6 15.Nb5 Rf7 16.Ba5 b6
17.cxd6 cxd6 18.Be1 h5 19.Nb4 Ne8 20.Nc6 Qf6 21.Nbxa7 Bd7 22.Rc3 g4 23.fxg4 hxg4
24.Bxg4 Bxg4 25.Qxg4 Raxa7 26.Nxa7 Rxa7 27.Rc8 Qf7 28.a3 Bf8 29.Bb4 Nf6 30.Qe2 Rc7
31.Rc1 Rxc1+ 32.Rxc1 Nh4 33.Be1 Qh7 34.Rc8 Kf7 35.a4 Be7 36.Rc7 Ng6 37.Bb4 Qh8
38.Rc6 Qb8 39.b3 Qa7 40.Kf1 Qb8 41.Qf3 b5 42.a5 Qa7 43.Qf2 Qb8 44.a6 Nxe4
45.a7 Qh8 46.Qf3 Nf6 47.Qh3 Qa8 48.Qe6+ Kg7 49.Bxd6 Qxa7 50.Bxe7 Qa1+ 51.Ke2 Qb2+
52.Ke1 Qb1+ 53.Ke2 Qb2+ 54.Kd1 Qb1+  1/2-1/2

[Event "17th Godesberg Open"]
[Site "Bonn GER"]
[Date "2013.08.10"]
[Round "8.2"]
[White "Winterberg,L"]
[Black "Mantau,J"]
[Result "1-0"]
[WhiteElo "2242"]
[BlackElo "2205"]

1.d4 Nf6 2.c4 g6 3.Nc3 Bg7 4.e4 d6 5.Be2 O-O 6.Nf3 e5 7.O-O Nc6 8.d5 Ne7
9.Ne1 Ne8 10.Nd3 f5 11.Bd2 Rf7 12.Rc1 Nf6 13.f3 f4 14.c5 g5 15.cxd6 cxd6
16.Nb5 Ng6 17.Qc2 Ne8 18.a4 Bd7 19.Nf2 h5 20.Qb3 Bf8 21.a5 Nh4 22.h3 Rg7
23.Be1 Kh8 24.Qd1 Ng6 25.b4 Bc8 26.Rc3 Nf6 27.Qc2 Ne7 28.Nc7 Rb8 29.b5 Bd7
30.b6 axb6 31.axb6 Nc8 32.Qb2 Be7 33.Bd2 Qg8 34.Rfc1 g4 35.fxg4 hxg4 36.Bxg4 Bxg4
37.hxg4 Nxg4 38.Nxg4 Rxg4 39.Rh3+ Kg7 40.Bxf4 Kf7 41.Be3 Bg5 42.Bxg5 Rxg5
43.Qf2+ Ke7 44.Ne6 Rg4 45.Rh7+ Ke8 46.Nc7+ Kd8 47.Qf6+  1-0

[Event "3rd Split Open 2013"]
[Site "Split CRO"]
[Date "2013.08.10"]
[Round "1.17"]
[White "Stokke,K"]
[Black "Vrankovic,I"]
[Result "1-0"]
[WhiteElo "2385"]
[BlackElo "1937"]

1.Nf3 Nf6 2.c4 g6 3.Nc3 Bg7 4.e4 d6 5.d4 O-O 6.Be2 e5 7.O-O Nc6 8.d5 Ne7
9.b4 Nh5 10.Re1 Nf4 11.Bf1 f5 12.Bxf4 exf4 13.e5 a5 14.Qb3 Kh8 15.Rad1 b6
16.a3 dxe5 17.Nxe5 Qd6 18.Nb5 Qf6 19.Nxc7 a4 20.Qd3 Rb8 21.d6 Ng8 22.c5 bxc5
23.bxc5 Rb3 24.Qd5 h6 25.d7  1-0

[Event "XI Miguel Najdorf Open A 2013"]
[Site "Warsaw POL"]
[Date "2013.08.11"]
[Round "7.4"]
[White "Rudolf,Mi"]
[Black "Kanarek,M"]
[Result "0-1"]
[WhiteElo "2367"]
[BlackElo "2463"]

1.d4 Nf6 2.c4 g6 3.Nc3 Bg7 4.e4 d6 5.Nf3 O-O 6.Be2 e5 7.O-O Nc6 8.Be3 Re8
9.d5 Nd4 10.Nxd4 exd4 11.Bxd4 Nxe4 12.Bxg7 Kxg7 13.Qd4+ Qf6 14.Qxf6+ Nxf6
15.Rfe1 a6 16.Bd3 Bd7 17.f3 g5 18.Kf2 Nh5 19.g3 f5 20.Ne2 h6 21.Nd4 Kf6 22.Bxf5 Bxf5
23.Nxf5 Kxf5 24.g4+ Kg6 25.gxh5+ Kxh5 26.Rac1 Kg6 27.b4 Kf5 28.c5 Re5 29.cxd6 cxd6
30.Rc7 Rxe1 31.Kxe1 b5 32.Rh7 Ke5 33.Rxh6 Kxd5 34.Kd2 a5 35.Kc3 axb4+ 36.Kxb4 Rxa2
37.Kxb5 Rb2+ 38.Ka4 Kc5 39.h4 Rb4+ 40.Ka3 gxh4 41.Rh8 Rf4 42.Kb2 Kd4 43.Kc2 Ke3
44.Rd8 h3  0-1

[Event "FSIM August 2013"]
[Site "Budapest HUN"]
[Date "2013.08.12"]
[Round "10.2"]
[White "Szeberenyi,A"]
[Black "Resika,N"]
[Result "0-1"]
[WhiteElo "2323"]
[BlackElo "2234"]

1.d4 g6 2.Nf3 Nf6 3.c4 Bg7 4.Nc3 d6 5.e4 O-O 6.Be2 e5 7.O-O Nc6 8.d5 Ne7
9.Ne1 Nd7 10.Be3 f5 11.f3 f4 12.Bf2 g5 13.Rc1 Ng6 14.Nb5 Nf6 15.c5 Rf7 16.cxd6 cxd6
17.Nxa7 Bd7 18.Qb3 g4 19.Qb6 Qf8 20.Rc7 g3 21.hxg3 fxg3 22.Bxg3 Nh5 23.Bh2 Qd8
24.Nd3 Rxa7 25.Rfc1 Be8 26.Rxb7 Qxb6+ 27.Rxb6 Bh6 28.Rb8 Rfe7 29.Rcc8 Be3+
30.Kf1 Kf7 31.Nb4 Bd7 32.Rc2 Bc5 33.Nc6 Rxa2 34.Nxe7 Ra1+ 35.Bd1 Rxd1+ 36.Ke2 Rh1
37.Nxg6 hxg6 38.Rxc5 dxc5 39.Bxe5 g5 40.g4 Nf4+ 41.Bxf4 gxf4 42.e5 Ba4 43.Rb7+ Kg6
44.b3 Rb1 45.d6 c4 46.e6 Kf6 47.d7 Ke7 48.Rb4 Bxb3 49.g5 Bd1+  0-1

[Event "10th Malaysian Open"]
[Site "Kuala Lumpur MAS"]
[Date "2013.08.12"]
[Round "5.4"]
[White "Zhou Jianchao"]
[Black "Nitin,S"]
[Result "1/2-1/2"]
[WhiteElo "2584"]
[BlackElo "2355"]

1.d4 Nf6 2.c4 g6 3.Nc3 Bg7 4.e4 d6 5.Nf3 O-O 6.Be2 e5 7.O-O Nc6 8.d5 Ne7
9.b4 Nh5 10.Re1 a5 11.bxa5 Rxa5 12.a4 Nf4 13.Bf1 f5 14.Ra3 h6 15.Nd2 g5 16.g3 Nfg6
17.Nb3 Ra8 18.c5 fxe4 19.Nxe4 Nf5 20.cxd6 cxd6 21.Be3 Nxe3 22.Rxe3 Ne7 23.Nbd2 Nf5
24.Rec3 Nd4 25.Nc4 b5 26.axb5 Rxa3 27.Rxa3 Nxb5 28.Rb3 Bf5 29.Rxb5 Bxe4 30.Bg2 Bxg2
31.Kxg2 Qd7 32.Rb3 Qf5 33.Rf3 Qg6 34.Rxf8+ Bxf8 35.Qe2 g4 36.Nd2 h5 37.Ne4 Qf5
38.f3 gxf3+ 39.Qxf3 Qxf3+ 40.Kxf3 Kf7 41.h4 Be7 42.g4 Kg6 43.gxh5+ Kxh5 44.Ng3+ Kg6
45.Kg4 Bf8 46.Ne4 Be7 47.h5+ Kg7 48.Ng3 Kf6 49.Nf5 Bf8 50.Ng3 Be7 51.Ne4+ Kg7
52.Kf5 Kh6 53.Ke6 Bh4 54.Kxd6 Kxh5 55.Kxe5 Kg6 56.Ke6 Kg7 57.d6 Kf8 58.Nf6 Be1
59.d7 Ba5 60.Nh7+ Kg7 61.Ng5 Kf8 62.Nf3 Bd8 63.Ne5 Bc7 64.Nc6 Bb6 65.Nd4 Ba5
66.Kd5 Bb4 67.Ke6 Ba5 68.Nb3 Bd8 69.Nc5 Bb6 70.Ne4  1/2-1/2

[Event "10th Malaysian Open"]
[Site "Kuala Lumpur MAS"]
[Date "2013.08.12"]
[Round "5.29"]
[White "Nihal,M"]
[Black "Carlos,L"]
[Result "1-0"]
[WhiteElo "2026"]
[BlackElo "2306"]

1.d4 Nf6 2.c4 g6 3.Nc3 Bg7 4.e4 O-O 5.Nf3 d6 6.Be2 e5 7.O-O Nc6 8.dxe5 Nxe5
9.Nd4 Re8 10.Bg5 h6 11.Bh4 Nc6 12.Nxc6 bxc6 13.f4 g5 14.fxg5 Nxe4 15.Bh5 Nxc3
16.Bxf7+ Kh8 17.bxc3 Re4 18.Qh5 Rxh4 19.Qxh4 Qxg5 20.Qxg5 hxg5 21.Rae1 Be5
22.Be8 Bb7 23.Rf8+ Kg7 24.Ref1 Bf4 25.Rf7+ Kh6 26.Rxc7 Rxe8 27.Rxb7 Re4 28.g3 Be5
29.c5 dxc5 30.Rxa7 Bxc3 31.Ra6 Re6 32.Rc1 Bd4+ 33.Kg2 Kh5 34.Rc2 g4 35.Kf1 Kg5
36.Ra8 Kf5 37.Re2 Rf6 38.Rd8 Rf7 39.Ke1 Rb7 40.Rf8+ Kg5 41.Rc2 Rb4 42.Rc8 Kf5
43.Rxc6 Ke4 44.Ke2 Rb1 45.Rg6 Kf5 46.Rg8 Rh1 47.Kd3 Rd1+ 48.Kc4 Bg1 49.Rf8+ Kg5
50.Rf4 Rb1 51.Kd5 Rb8 52.Re2 Ra8 53.Re5+ Kh6 54.Rxg4 Rxa2 55.h4 Rd2+ 56.Ke6 Ra2
57.Kf7 Rf2+ 58.Kg8 Rf6 59.Re7 Rg6+ 60.Rxg6+ Kxg6 61.g4 Kf6 62.Rf7+ Kg6 63.h5+ Kg5
64.Rg7+  1-0

[Event "1st Jaen IM 2013"]
[Site "Jaen ESP"]
[Date "2013.08.14"]
[Round "6.1"]
[White "Lalic,B"]
[Black "Galvez Extremera,F"]
[Result "1-0"]
[WhiteElo "2484"]
[BlackElo "2180"]

1.d4 Nf6 2.Nf3 g6 3.c4 Bg7 4.Nc3 O-O 5.e4 d6 6.Be2 e5 7.O-O Nc6 8.d5 Ne7
9.Ne1 Nd7 10.Be3 f5 11.f3 f4 12.Bf2 g5 13.Rc1 Ng6 14.Nb5 b6 15.b4 Nf6 16.c5 Rf7
17.cxd6 cxd6 18.Qc2 Bf8 19.Nc7 Rb8 20.Ne6 Bxe6 21.dxe6 Rg7 22.Nd3 h5 23.b5 d5
24.exd5 g4 25.Kh1 Nxd5 26.Qb3 Kh8 27.Rfd1 g3 28.Nxe5 gxf2 29.Rxd5 Qh4 30.Nf7+ Kh7
31.Bd3 Be7 32.Ne5 Rbg8 33.Rf1 Kh6 34.Nf7+ Kh7 35.Qc2 Bc5 36.Rg5 Be7 37.Rxg6 Rxg6
38.Bxg6+ Rxg6 39.Ne5  1-0

[Event "10th Malaysian Open"]
[Site "Kuala Lumpur MAS"]
[Date "2013.08.14"]
[Round "6.13"]
[White "Irwanto,S"]
[Black "Pradeep,KR"]
[Result "1/2-1/2"]
[WhiteElo "2401"]
[BlackElo "2310"]

1.d4 Nf6 2.Nf3 g6 3.c4 Bg7 4.Nc3 O-O 5.e4 d6 6.Be2 e5 7.O-O Nc6 8.d5 Ne7
9.b4 Nh5 10.Re1 f5 11.Ng5 Nf6 12.Bf3 c6 13.Be3 h6 14.Ne6 Bxe6 15.dxe6 fxe4
16.Nxe4 Nxe4 17.Bxe4 d5 18.cxd5 cxd5 19.Bc2 b6 20.Qg4 e4 21.Rad1 Qc7 22.Bb3 Rf5
23.Re2 h5 24.Qh3 Raf8 25.Red2 Qc3 26.b5 Qb4 27.Qh4 Bf6 28.Qg3 Be5 29.Qh4 Bf6
30.Qg3 Be5 31.Qh4  1/2-1/2

[Event "22nd ZMDI Open 2013"]
[Site "Dresden GER"]
[Date "2013.08.15"]
[Round "6.25"]
[White "Vogel,Roven"]
[Black "Schoene,Mar"]
[Result "1/2-1/2"]
[WhiteElo "2072"]
[BlackElo "2240"]

1.d4 Nf6 2.c4 g6 3.Nc3 Bg7 4.e4 d6 5.Nf3 O-O 6.Be2 e5 7.O-O Nc6 8.d5 Ne7
9.Ne1 Nd7 10.Nd3 f5 11.f3 f4 12.Bd2 h5 13.Rc1 g5 14.Be1 Ng6 15.Qc2 Rf7 16.a4 Bf8
17.b4 Nf6 18.c5 g4 19.cxd6 cxd6 20.Nb5 Ne8 21.Kh1 a6 22.Na3 Qg5 23.Qd2 Nh4
24.Rg1 Rg7 25.Bf2 Be7 26.Nc4 Bd8 27.a5 Bd7 28.Nb6 Bxb6 29.axb6 Kh8 30.g3 fxg3
31.Qxg5 Rxg5 32.Bxg3 Nxf3 33.Bxf3 gxf3 34.Bxe5+ Rxe5 35.Nxe5 dxe5 36.Rg3 Rc8
37.Rc5 f2 38.Rf3 Nd6 39.Rxf2 Kg7 40.Kg2 Nxe4  1/2-1/2

[Event "Stare Mesto Open 2013"]
[Site "Stare Mesto CZE"]
[Date "2013.08.15"]
[Round "8.9"]
[White "Serbin,R"]
[Black "Valenta,V jr"]
[Result "0-1"]
[WhiteElo "1953"]
[BlackElo "2151"]

1.d4 Nf6 2.c4 g6 3.Nc3 d6 4.e4 Bg7 5.Nf3 O-O 6.Be2 e5 7.O-O Nc6 8.d5 Nb8
9.b4 a5 10.Ba3 axb4 11.Bxb4 Na6 12.Ba3 Nh5 13.Re1 b6 14.Nd2 Nf4 15.Bf1 Nc5
16.Bxc5 bxc5 17.a4 f5 18.Ra3 Qg5 19.Nb5 Rf7 20.Ree3 Bh6 21.Rg3 Qf6 22.a5 Nh5
23.Qxh5 Bxd2 24.exf5 Bxf5 25.Qd1 Bb4 26.Rab3 Bg4 27.f3 e4 28.Be2 exf3 29.Bxf3 Bd7
30.Nxc7 Ba4 31.Ne6 Bxb3 32.Qxb3 Qa1+ 33.Bd1 Qe5 34.h3 Qe1+ 35.Kh2 Rf1  0-1

[Event "Stare Mesto Open 2013"]
[Site "Stare Mesto CZE"]
[Date "2013.08.17"]
[Round "10.11"]
[White "Serbin,R"]
[Black "Novotny,M1"]
[Result "0-1"]
[WhiteElo "1953"]
[BlackElo "2248"]

1.Nf3 Nf6 2.c4 g6 3.Nc3 Bg7 4.e4 d6 5.d4 O-O 6.Be2 Nc6 7.O-O e5 8.d5 Ne7
9.b4 a5 10.Ba3 axb4 11.Bxb4 b6 12.a4 Nd7 13.a5 bxa5 14.Bxa5 Ba6 15.Qc2 Nc8
16.Nb5 Ncb6 17.Rfb1 Nc5 18.Nxc7 Qxc7 19.Rxb6 Bxc4 20.Qxc4 Rxa5 21.Rxa5 Qxb6
22.Rb5 Qa7 23.Nd2 Rb8 24.Bf3 Rxb5 25.Qxb5 Qa1+ 26.Qf1 Qd4 27.Qe2 Bh6 28.Nc4 Nd3
29.Ne3 Bxe3 30.fxe3 Qc3 31.h4 Kg7 32.g4 Nc5 33.g5 Qd3 34.Qf2 Qb1+ 35.Kh2 Nd3
36.Qe2 Qb2 37.Qxb2 Nxb2 38.Be2 Na4 39.Kg3 Nc5 40.Bf3 f6 41.Kg4 Nd7 42.Kg3 fxg5
43.hxg5 h6 44.Bg4 Nc5 45.gxh6+ Kxh6 46.Kf3 Kg5 47.Bc8 Kf6 48.Bh3 Ke7 49.Bg2 Nd7
50.Kg4 Nf6+ 51.Kg5 Kf7 52.Bf3 Kg7 53.Bg2 Nh7+ 54.Kh4 Kh6 55.Kg3 Nf6 56.Kf2 Kg7
57.Kg3 g5 58.Kf3 Kf8 59.Bh3 Ke7 60.Bf5 Kd8 61.Ke2 Kc7 62.Kd3 Kb6 63.Kc4 Ka5
64.Kd3 Kb4 65.Bc8 Kb3 66.Bf5 g4 67.Bg6 g3 68.Ke2 Kc3  0-1

[Event "TCh-POR Div1 Final 2013"]
[Site "Matosinhos POR"]
[Date "2013.08.18"]
[Round "1.5"]
[White "Ferreira,Jor1"]
[Black "Diogo,V"]
[Result "1-0"]
[WhiteElo "2390"]
[BlackElo "2300"]

1.d4 Nf6 2.c4 g6 3.Nc3 Bg7 4.e4 d6 5.Nf3 O-O 6.Be2 e5 7.O-O Nc6 8.Be3 Ng4
9.Bg5 f6 10.Bh4 h5 11.d5 Ne7 12.Nd2 Bd7 13.b4 a5 14.bxa5 Rxa5 15.Nb3 Ra8
16.c5 Nh6 17.f3 g5 18.Bf2 Ng6 19.Bb5 g4 20.Bxd7 Qxd7 21.Rc1 Nf7 22.c6 bxc6
23.dxc6 Qc8 24.fxg4 hxg4 25.Be3 Ra6 26.Nd5 Rxa2 27.Rf5 g3 28.hxg3 Nh6 29.Qh5 Kh7
30.Nxf6+ Rxf6 31.Rxf6 Qg4 32.Rf5 Qxe4 33.Rf3 Qg4 34.Qh2 e4 35.Rf7 Kg8 36.Rxg7+ Kxg7
37.Qxh6+  1-0

[Event "TCh-POR Div1 Final 2013"]
[Site "Matosinhos POR"]
[Date "2013.08.18"]
[Round "2.1"]
[White "Andias,J"]
[Black "Gonzalez Perez,A"]
[Result "0-1"]
[WhiteElo "1970"]
[BlackElo "2473"]

1.d4 Nf6 2.c4 g6 3.Nc3 Bg7 4.e4 O-O 5.Nf3 d6 6.Be2 e5 7.O-O Nc6 8.d5 Ne7
9.b4 Ne8 10.Ba3 f5 11.Qb3 Nf6 12.exf5 Nxf5 13.Rad1 e4 14.Ng5 Qe7 15.c5 e3
16.f4 h5 17.b5 Kh8 18.Qc4 Re8 19.c6 b6 20.Bc1 Nh7 21.Nce4 Nxg5 22.Nxg5 a6
23.a4 axb5 24.axb5 Bf6 25.Rd3 Kg7 26.Nf3 Qe4 27.Qxe4 Rxe4 28.Ng5 Rb4 29.Ra3 Rxa3
30.Bxa3 Rb3 31.Bc1 Nd4 32.Bc4 Rc3 33.Ne4 Rxc4 34.Bxe3 Ne2+ 35.Kf2 Rxe4 36.Kxe2 Bf5
37.Kd2 Rb4  0-1

[Event "TCh-POR Div1 Final 2013"]
[Site "Matosinhos POR"]
[Date "2013.08.19"]
[Round "3.2"]
[White "Ftacnik,L"]
[Black "Damaso,R"]
[Result "1-0"]
[WhiteElo "2543"]
[BlackElo "2379"]

1.Nf3 g6 2.d4 Nf6 3.c4 Bg7 4.Nc3 O-O 5.e4 d6 6.Be2 e5 7.O-O Nc6 8.d5 Ne7
9.Nd2 a5 10.a3 Bd7 11.b3 c6 12.Bb2 Qb8 13.b4 axb4 14.axb4 Rxa1 15.Qxa1 Bh6
16.Rd1 cxd5 17.exd5 Bf5 18.Qa4 Rc8 19.Qb3 b5 20.Nxb5 Nexd5 21.Nf3 Nf4 22.Bf1 Bc2
23.Qxc2 Qxb5 24.Rxd6 Ng4 25.Rd8+  1-0

[Event "TCh-POR Div1 Final 2013"]
[Site "Matosinhos POR"]
[Date "2013.08.19"]
[Round "3.4"]
[White "Santos,AntonioP"]
[Black "Diogo,V"]
[Result "1/2-1/2"]
[WhiteElo "2263"]
[BlackElo "2300"]

1.d4 Nf6 2.c4 g6 3.Nc3 Bg7 4.e4 d6 5.Nf3 O-O 6.Be2 e5 7.O-O Nc6 8.d5 Ne7
9.b4 Ne8 10.c5 f5 11.Ng5 h6 12.Ne6 Bxe6 13.dxe6 fxe4 14.Qb3 Nf6 15.cxd6 cxd6
16.Be3 d5 17.Bc5 d4 18.Bc4 Kh7 19.Rad1 Rc8 20.Rfe1 b6 21.Bxe7 Qxe7 22.Nxe4 Nxe4
23.Rxe4 b5 24.Bxb5 Rc3 25.Qd5 Rc2 26.Rf1 Rd8 27.Bd7 Qxb4 28.Rxe5 Bxe5 29.Qxe5 Qe7
30.Qd5 Rc7 31.Qb3 Rcxd7 32.exd7 Rxd7 33.Qd3 Qe6 34.h4 h5 35.a3 Kg7 36.Rd1 Qe5
37.g3 Qd6 38.Rd2 Qd5 39.Rd1 Qe5 40.Rb1 Qe6 41.Rb8 Qe5 42.Rb5 Qe1+ 43.Kg2 Qe6
44.Ra5 Qc6+ 45.Kh2 Qf6 46.Kg1 Rf7 47.Qd2 Rd7 48.Qd3 Rf7 49.Qd2 d3 50.Rd5 Qa1+
51.Kg2 Qxa3 52.Rxd3 Qc5 53.Qb2+ Kg8 54.Rd8+ Rf8 55.Qa2+ Kh8 56.Rxf8+ Qxf8
57.Qxa7 Qd6 58.Qb7 Kg8 59.Kf3 Qf6+ 60.Kg2 Qd6 61.Qa7 Qc6+ 62.Kf1 Qc4+ 63.Kg1 Qc1+
64.Kh2 Qc6 65.Qd4 Kf7 66.Kg1 Qc1+ 67.Kg2 Qc6+ 68.Kf1 Qb5+ 69.Ke1 Qb1+ 70.Ke2 Qc2+
71.Kf3 Qc6+ 72.Kf4 Qc1+ 73.Ke5 Qc7+ 74.Qd6 Qc3+ 75.Kf4 Qc1+ 76.Kf3 Qc2 77.Qf4+ Kg7
78.Qe4 Qc3+ 79.Kf4 Qf6+ 80.Ke3 Qc3+ 81.Qd3 Qe1+ 82.Kf3 Qe5 83.Qc4 Qf5+ 84.Ke3 Qe5+
85.Qe4 Qc3+ 86.Ke2 Qb2+ 87.Kf3 Qf6+ 88.Kg2 Qd6 89.f3 Qd2+ 90.Kh3 Qd7+ 91.g4 hxg4+
92.Qxg4 Qd5 93.Kg3 Qe5+ 94.Qf4 Qe1+ 95.Kh3  1/2-1/2

[Event "12th Lichtenberger Sommer"]
[Site "Berlin GER"]
[Date "2013.08.20"]
[Round "4.9"]
[White "Radovanovic,J"]
[Black "Mohrmann,Ralf"]
[Result "1-0"]
[WhiteElo "2341"]
[BlackElo "1996"]

1.Nf3 Nf6 2.d4 g6 3.c4 Bg7 4.Nc3 O-O 5.e4 d6 6.Be2 e5 7.O-O Nc6 8.d5 Ne7
9.b4 Nh5 10.Re1 f5 11.Ng5 Nf4 12.Bxf4 exf4 13.Rc1 h6 14.Ne6 Bxe6 15.dxe6 a5
16.b5 c6 17.Bf3 Be5 18.exf5 Rxf5 19.Ne4 Qc7 20.Qb3 Rd8 21.Rcd1 h5 22.bxc6 bxc6
23.Rb1 d5 24.cxd5 cxd5 25.Rec1 Qa7 26.Nc5 Bd4 27.Nd3 Rf6 28.Re1 Rd6 29.h3 Rb6
30.Qa4 Kg7 31.Qxd4  1-0

[Event "Brasschaat Open 2013"]
[Site "Brasschaat BEL"]
[Date "2013.08.20"]
[Round "4.19"]
[White "De Strycker,Nathan"]
[Black "Decrop,Hendrik"]
[Result "1/2-1/2"]
[WhiteElo "2050"]
[BlackElo "1790"]

1.d4 Nf6 2.c4 g6 3.Nc3 Bg7 4.e4 d6 5.Nf3 O-O 6.Be2 e5 7.O-O Nc6 8.d5 Ne7
9.Ne1 Nd7 10.Be3 f5 11.f3 f4 12.Bf2 g5 13.Rc1 Rf6 14.Nd3 Rh6 15.c5 Qe8 16.cxd6 cxd6
17.Nb5 Qh5 18.h4 Ng6 19.Qe1 Nxh4 20.Bxh4 gxh4 21.Nxa7 h3 22.Rf2 hxg2  1/2-1/2

[Event "12th Lichtenberger Sommer"]
[Site "Berlin GER"]
[Date "2013.08.21"]
[Round "5.35"]
[White "Guenther,T"]
[Black "Schmidek,Emil"]
[Result "1-0"]
[WhiteElo "2088"]
[BlackElo "1931"]

1.d4 Nf6 2.Nf3 g6 3.c4 Bg7 4.Nc3 O-O 5.e4 d6 6.Be2 e5 7.O-O Nc6 8.d5 Ne7
9.Ne1 Ne8 10.Be3 f5 11.f3 f4 12.Bf2 g5 13.c5 Rf7 14.cxd6 cxd6 15.a4 Nc7 16.b4 Ng6
17.b5 Bf6 18.a5 a6 19.bxa6 Nxa6 20.Na4 Qf8 21.Nb6 Rb8 22.Rc1 Nc7 23.Rc3 Na8
24.Nc4 Bd7 25.Qb3 h5 26.Qb4 Be7 27.Nc2 Rg7 28.Rc1 g4 29.Ba7 Rc8 30.Ne1 Nh8
31.Qxb7 Rc7 32.Qb8 Rc8 33.Qb3 Qf6 34.Bf1 h4 35.fxg4 Bxg4 36.Nb6 Nxb6 37.axb6 Rxc3
38.Rxc3 h3 39.b7 hxg2 40.b8=Q+ Kf7 41.Bb5 Qh4 42.Bf2 Qh6 43.Qe8+ Kf6 44.Bd7 Nf7
45.Bxg4 Rxg4 46.Rh3 Qg7 47.Qd7  1-0

[Event "21st Troya Open 2013"]
[Site "Canakkale TUR"]
[Date "2013.08.21"]
[Round "6.17"]
[White "Laabi Chian,M"]
[Black "Ayazmali,Gizem"]
[Result "1-0"]
[WhiteElo "2107"]
[BlackElo "1607"]

1.d4 Nf6 2.Nf3 g6 3.c4 Bg7 4.Nc3 O-O 5.e4 d6 6.Be2 e5 7.O-O Nc6 8.d5 Ne7
9.Nd2 Ne8 10.b4 f5 11.c5 Nf6 12.f3 f4 13.Nc4 a6 14.a4 g5 15.Ba3 Ne8 16.b5 b6
17.cxb6 cxb6 18.bxa6 Bxa6 19.Nb2 Bc8 20.Nb5 Rf6 21.Qb3 Bf8 22.Rfc1 Ba6 23.Rc3 Rc8
24.Rac1 Rxc3 25.Rxc3 Bxb5 26.Bxb5 Nc7 27.Be2 Ne8 28.Nc4 Nc8 29.Qc2 Na7 30.Qb2 Nc8
31.Qb5 Rf7 32.Qb3 Rc7 33.Bb4 Qd7 34.Rc2 Ra7 35.Nb2 Rc7 36.Bb5 Qd8 37.Bc6 Nf6
38.a5 Ra7 39.Nc4 bxa5 40.Be1 Ne7 41.Bf2 Nxc6 42.dxc6 Ra8 43.Nb6+ Kg7 44.Nxa8  1-0

[Event "TCh-POR Div1 Final 2013"]
[Site "Matosinhos POR"]
[Date "2013.08.21"]
[Round "5.3"]
[White "Ftacnik,L"]
[Black "Diogo,V"]
[Result "1-0"]
[WhiteElo "2543"]
[BlackElo "2300"]

1.Nf3 Nf6 2.c4 g6 3.Nc3 Bg7 4.e4 d6 5.d4 O-O 6.Be2 e5 7.O-O Nc6 8.d5 Ne7
9.Nd2 Ne8 10.b4 f5 11.c5 f4 12.a4 h5 13.Ba3 g5 14.f3 Rf6 15.Nc4 Rg6 16.a5 Kh8
17.Kf2 g4 18.Ke1 Ng8 19.Kd2 Qh4 20.Rh1 gxf3 21.Bxf3 Bg4 22.Qe1 Qg5 23.Qe2 Ngf6
24.b5 Bxf3 25.gxf3 dxc5 26.Bxc5 Nd7 27.Rag1 Qf6 28.Rxg6 Qxg6 29.Rg1 Qf6 30.Ba3 Nd6
31.Bxd6 cxd6 32.Qg2 Rc8 33.Nxd6 Rg8 34.Nf5 Qf8 35.Qg6 Nf6 36.d6 Qd8 37.Qf7 Qf8
38.Rxg7  1-0

[Event "12th Lichtenberger Sommer"]
[Site "Berlin GER"]
[Date "2013.08.22"]
[Round "6.49"]
[White "Bauder,Her"]
[Black "Mohrmann,Ralf"]
[Result "0-1"]
[WhiteElo "1932"]
[BlackElo "1996"]

1.d4 Nf6 2.Nf3 g6 3.c4 Bg7 4.Nc3 O-O 5.e4 d6 6.Be2 e5 7.O-O Nc6 8.d5 Ne7
9.Ne1 Nd7 10.Be3 f5 11.f3 f4 12.Bf2 g5 13.a4 h5 14.Nd3 Nf6 15.c5 Ng6 16.Qc2 g4
17.cxd6 cxd6 18.Ra3 h4 19.fxg4 Nxg4 20.Nd1 h3 21.Ne1 hxg2 22.Nxg2 Bd7 23.h3 Rc8
24.Qb3 Nf6 25.Qd3 a6 26.Kh2 b5 27.b3 Kf7 28.Be1 Rh8 29.Nf2 Nh7 30.Bg4 Ng5
31.Bxd7 Qxd7 32.Bd2 Rh5 33.axb5 Rch8 34.b4 axb5 35.Ne1 Nh4 36.Rh1 Bf6 37.Kg1 Rg8
38.Kf1 Rc8 39.Rc3 Rhh8 40.Ng4 Rxc3 41.Bxc3 Be7 42.Nf2 Rc8 43.Rh2 Qc7 44.Bd2 Qc4
45.Qe2 Ngf3 46.Nfd3 Nxh2+ 47.Qxh2 Qxe4 48.Qe2 Qh1+ 49.Kf2 Qh2+  0-1

[Event "12th Lichtenberger Sommer"]
[Site "Berlin GER"]
[Date "2013.08.24"]
[Round "8.67"]
[White "Bieg,Pascal"]
[Black "Napoli,F"]
[Result "0-1"]
[WhiteElo "1859"]
[BlackElo "1732"]

1.d4 Nf6 2.c4 g6 3.Nc3 Bg7 4.e4 d6 5.Nf3 O-O 6.Be2 e5 7.O-O Nc6 8.d5 Ne7
9.b4 a5 10.bxa5 Rxa5 11.a4 Ne8 12.Ba3 f5 13.Bb4 Ra8 14.c5 Nf6 15.Ng5 fxe4
16.cxd6 cxd6 17.Ngxe4 Nf5 18.Nxf6+ Bxf6 19.Ne4 Be7 20.a5 Nd4 21.Bc4 Bf5 22.Ng3 Rc8
23.Rc1 Qd7 24.f4 Bf6 25.fxe5 Bxe5 26.Nxf5 Rxf5 27.Rxf5 Qxf5 28.Bf1 Bxh2+
29.Kxh2 Qf4+ 30.g3 Rxc1 31.gxf4 Rxd1 32.a6 bxa6 33.Bxa6 Nf5 34.Be2 Rb1 35.Ba3 Ra1
36.Bb4 Ra2  0-1

[Event "TCh-SRB 1st League 2013"]
[Site "Kragujevac SRB"]
[Date "2013.08.24"]
[Round "1.1"]
[White "Nenezic,M"]
[Black "Djukic,Ni"]
[Result "1-0"]
[WhiteElo "2393"]
[BlackElo "2551"]

1.Nf3 Nf6 2.c4 g6 3.Nc3 Bg7 4.e4 d6 5.d4 O-O 6.Be2 e5 7.O-O Nc6 8.d5 Ne7
9.b4 a5 10.Ba3 b6 11.bxa5 Nh5 12.Nd2 Nf4 13.Nb3 bxa5 14.c5 Nxe2+ 15.Nxe2 Ba6
16.Re1 Bh6 17.Nc3 Bc4 18.Nd2 Ba6 19.Rb1 Qd7 20.Rb2 Rfb8 21.Rxb8+ Rxb8 22.Nb3 a4
23.c6 Qc8 24.Nxa4 f5 25.Nac5 dxc5 26.Nxc5 fxe4 27.Nxa6 Qxa6 28.Bxe7 Qd3 29.d6 cxd6
30.Bxd6 Rc8 31.Qg4  1-0

[Event "20th Graz Open 2013"]
[Site "Graz AUT"]
[Date "2013.08.25"]
[Round "2.15"]
[White "Deutschmann,R"]
[Black "Nikic,Saso"]
[Result "1-0"]
[WhiteElo "2035"]
[BlackElo "1759"]

1.d4 Nf6 2.c4 g6 3.Nc3 Bg7 4.e4 d6 5.Nf3 O-O 6.Be2 e5 7.O-O Nc6 8.d5 Ne7
9.Ne1 Nd7 10.Nd3 f5 11.Bd2 Nf6 12.f3 f4 13.c5 g5 14.cxd6 cxd6 15.Nf2 Ng6
16.Qc2 Rf7 17.Rfc1 h5 18.h3 a6 19.a4 Bf8 20.a5 g4 21.hxg4 hxg4 22.fxg4 Rg7
23.Na4 Nh4 24.Qd1 Nxg4 25.Rxc8 Rxc8 26.Bxg4 Qg5 27.Ra3 Rcc7 28.Rh3 Rh7 29.Be6+ Kh8
30.Qg4 Qxg4 31.Nxg4 Be7 32.Rc3 Rxc3 33.Bxc3 Kg7 34.Bc8 Rh5 35.Bxb7 Rg5 36.Bc8 Kf8
37.Nb6 Ke8 38.Be1 Rg7 39.Be6 Kd8 40.Nd7 Bg5 41.Nb8 Rb7 42.Nc6+ Kc7 43.b4 Ng6
44.Bf2 Rb5 45.Bb6+ Kb7 46.Bd7 Nf8 47.Bf5 Ka8 48.Bc8  1-0

[Event "11th Kesan Open"]
[Site "Edirne TUR"]
[Date "2013.08.28"]
[Round "3.13"]
[White "Erden,K"]
[Black "Karacan,Can Berk"]
[Result "1-0"]
[WhiteElo "2213"]
[BlackElo "1673"]

1.Nf3 Nf6 2.c4 g6 3.Nc3 Bg7 4.d4 d6 5.e4 O-O 6.Be2 e5 7.O-O Nc6 8.Be3 Nd7
9.d5 Ne7 10.Nd2 f5 11.f3 f4 12.Bf2 g5 13.b4 Ng6 14.c5 Nf6 15.Nc4 Rf7 16.a4 Bf8
17.cxd6 cxd6 18.Nb5 Rg7 19.Nxa7 Rxa7 20.Bb6 Qe8 21.Bxa7 Nh4 22.Nb6 g4 23.Nxc8 Nxg2
24.fxg4 Qxc8 25.Kxg2 h5 26.h3 hxg4 27.Bxg4 Nxe4 28.Kh2 Qc3 29.Rg1 Qb2+ 30.Rg2 Qxb4
31.Be6+ Kh8 32.Qh5+  1-0

[Event "11th Kesan Open"]
[Site "Edirne TUR"]
[Date "2013.08.31"]
[Round "9.12"]
[White "Tarlabasi,Emirhan"]
[Black "Ozdemir,T"]
[Result "1/2-1/2"]
[WhiteElo "1790"]
[BlackElo "2047"]

1.d4 Nf6 2.c4 g6 3.Nc3 Bg7 4.e4 d6 5.Be2 O-O 6.Nf3 e5 7.O-O Nc6 8.d5 Ne7
9.Ne1 Nd7 10.Nd3 f5 11.Bd2 Nf6 12.f3 f4 13.c5 g5 14.cxd6 cxd6 15.Nf2 h5 16.Rc1 Ne8
17.Qb3 Ng6 18.Rc2 Nh4 19.h3 Qf6 20.Nb5 Rf7 21.Rfc1 Bd7 22.Nc7 Nxc7 23.Rxc7 b6
24.Bb5 Bxb5 25.Qxb5 Raf8 26.Be1 Qd8 27.Rxf7 Rxf7 28.Qc6 Bf8 29.Qc8 Qxc8 30.Rxc8  1/2-1/2

[Event "Petersburg Summer Rapid 2013"]
[Site "St Petersburg RUS"]
[Date "2013.08.31"]
[Round "4.7"]
[White "Shirov,A"]
[Black "Kryakvin,D"]
[Result "1-0"]
[WhiteElo "2696"]
[BlackElo "2573"]

1.c4 Nf6 2.Nf3 g6 3.Nc3 Bg7 4.e4 d6 5.d4 O-O 6.Be2 e5 7.O-O Nc6 8.d5 Ne7
9.b4 Nh5 10.Re1 h6 11.Nd2 Nf4 12.Bf1 f5 13.g3 Nh5 14.exf5 Nxf5 15.Bb2 Nd4
16.Nb5 Nxb5 17.cxb5 Nf6 18.Nc4 Bf5 19.Ne3 Qd7 20.Rc1 Rf7 21.Nxf5 gxf5 22.Qb3 Raf8
23.Rc2 e4 24.Rec1 Ng4 25.Be2 Bxb2 26.Qxb2 Ne5 27.Qd4 b6 28.a4 Rg7 29.a5 Qd8
30.Qe3 Kh7 31.Kh1 Rff7 32.f4 exf3 33.Bxf3 Qf6 34.Rf1 Re7 35.Qf4 Ng6 36.Qd2 Qe5
37.Bg2 Rgf7 38.Rc4 Qe3 39.Qxe3 Rxe3 40.Bh3 Re5 41.Rfc1 Ree7 42.Rf1 Re5 43.Bg2 Kg7
44.Bf3 f4 45.Be4 fxg3 46.Rxf7+ Kxf7 47.Rxc7+ Ne7 48.Bf3 Re1+ 49.Kg2 Rb1 50.Rxa7 bxa5
51.bxa5 Rxb5 52.hxg3 Kf6 53.a6 Ra5 54.Ra8 Nf5 55.a7 Kg7 56.Be4 Nd4 57.Bd3 Ra3
58.Kf2 h5 59.Bc4 Kh7 60.Ke1 Nf3+ 61.Kd1 Ne5 62.Bb5 Ra5 63.Kc2 Nf7 64.Be2 Ne5
65.Bxh5 Rc5+ 66.Kb3 Ra5 67.Be2 Nd7 68.Kb4 Ra1 69.Kb5  1-0